[Event "7052-Championnat de la Loire OPEN"]
[Site "Loire"]
[Date "2005.11.27"]
[Round "2.12"]
[White "Carrot, Axel"]
[Black "Rogues, Jean-Luc"]
[Result "0-1"]
[WhiteElo "1510"]
[BlackElo "1470"]
[PlyCount "147"]
[EventDate "2005.??.??"]

1. e4 e5 2. Nf3 Nc6 3. d4 d6 4. d5 Nce7 5. Bd3 Bg4 6. h3 Bxf3 7. Qxf3 Nf6 8.
Bg5 Ng6 9. Bb5+ Ke7 10. h4 h6 11. Bxf6+ gxf6 12. h5 a6 13. Ba4 b5 14. Bb3 Qd7
15. hxg6 fxg6 16. a3 Rc8 17. Qh3 f5 18. exf5 Qxf5 19. Qxf5 gxf5 20. Nd2 Bg7 21.
c3 c6 22. f3 c5 23. Kf2 c4 24. Bc2 Kf6 25. Rad1 Rhe8 26. Rh5 f4 27. Rf5+ Ke7
28. Rh1 Rc5 29. Be4 Rh8 30. Rh4 Rcc8 31. Rg4 Bf6 32. Rg6 Rcf8 33. Bc2 Bh4+ 34.
Kf1 Rxf5 35. Bxf5 Bf6 36. Be6 h5 37. Ne4 Rf8 38. Nxf6 Rxf6 39. Rxf6 Kxf6 40.
Kg1 Ke7 41. Kh2 Kd8 42. Kh3 Kc7 43. Kh4 Kb6 44. b4 cxb3 45. Bf5 Kc5 46. Be4 Kc4
47. Kg5 Kxc3 48. Kf6 Kd4 49. Ke6 Kc5 50. Kd7 a5 51. Kc7 b4 52. a4 b2 53. Kb7 b3
54. Ka6 Kb4 55. Kb6 Kxa4 56. Kc6 Kb4 57. Kxd6 a4 58. Kxe5 a3 59. d6 a2 60. d7
a1=Q 61. d8=Q b1=Q+ 62. Kxf4 Qc1+ 63. Kg3 Qe5+ 64. Kf2 Qcb2+ 65. Ke3 Qec3+ 66.
Kf4 Qbd2+ 67. Qxd2 Qxd2+ 68. Kg3 Qg5+ 69. Kf2 Ka3 70. Kf1 b2 71. Kf2 Ka2 72.
Kf1 b1=Q+ 73. Bxb1+ Kxb1 74. Ke2 0-1

[Event "7052-Championnat de la Loire OPEN"]
[Site "Loire"]
[Date "2005.11.27"]
[Round "2.13"]
[White "Brachet, Gerard"]
[Black "Furnon, Yannick"]
[Result "0-1"]
[WhiteElo "1390"]
[BlackElo "1499"]
[PlyCount "75"]
[EventDate "2005.??.??"]

1. e4 c6 2. d4 d5 3. e5 Bf5 4. Nf3 e6 5. a3 Nd7 6. b4 Bg6 7. c4 dxc4 8. Bxc4
Nb6 9. Bb3 Ne7 10. O-O Nf5 11. Nc3 Be7 12. b5 cxb5 13. Nxb5 O-O 14. Ra2 Qd7 15.
Nc3 Rfd8 16. Rd2 Rac8 17. Bb2 Bxa3 18. Bxa3 Rxc3 19. Bb4 Rcc8 20. g4 Ne7 21.
Bxe7 Qxe7 22. d5 exd5 23. Bxd5 Nxd5 24. Rxd5 Rxd5 25. Qxd5 Rd8 26. Qa2 a6 27.
Re1 Qb4 28. h3 Be4 29. Rxe4 Qxe4 30. Qxf7+ Kxf7 31. Ng5+ Ke7 32. Nxe4 b5 33.
Nc5 a5 34. Nb7 Rd1+ 35. Kg2 a4 36. Na5 a3 37. Nb3 a2 38. Kg3 0-1

[Event "7052-Championnat de la Loire OPEN"]
[Site "Loire"]
[Date "2005.11.27"]
[Round "2.14"]
[White "Desassis, Maxence"]
[Black "Movsisian, Arthur"]
[Result "1-0"]
[WhiteElo "1450"]
[BlackElo "1399"]
[PlyCount "91"]
[EventDate "2005.??.??"]

1. d4 d5 2. Nf3 h6 3. e3 Bg4 4. Nbd2 e6 5. Bd3 Nf6 6. O-O c5 7. b3 a6 8. Bb2
Be7 9. Re1 Nc6 10. a3 O-O 11. c4 b6 12. Qc2 Bd6 13. Ne5 Ne7 14. Qc3 Bxe5 15.
dxe5 Nh5 16. f3 Bf5 17. Bxf5 Nxf5 18. g4 d4 19. exd4 cxd4 20. Qd3 Nf4 21. Qe4
Qg5 22. Nf1 d3 23. Bc1 Nh3+ 24. Kg2 Qh4 25. gxf5 Qxe4 26. fxe4 Ng5 27. Bxg5
hxg5 28. Rad1 Rad8 29. Re3 d2 30. Rxd2 Rxd2+ 31. Nxd2 Rd8 32. Nf3 g4 33. Ng5
exf5 34. exf5 Rd2+ 35. Kg3 f6 36. e6 Kf8 37. e7+ Ke8 38. Nf7 Rd7 39. Nh8 Rxe7
40. Rxe7+ Kxe7 41. Kxg4 Kd6 42. Kf4 Kc5 43. Ke3 Kd6 44. Kd4 Ke7 45. Ng6+ Kf7
46. Kd5 1-0

[Event "7052-Championnat de la Loire OPEN"]
[Site "Loire"]
[Date "2005.11.27"]
[Round "2.15"]
[White "Lille, Gauthier"]
[Black "Mialon, Franck"]
[Result "1-0"]
[WhiteElo "1350"]
[BlackElo "1430"]
[PlyCount "69"]
[EventDate "2005.??.??"]

1. e4 e5 2. Nf3 Nc6 3. Bb5 a6 4. Bxc6 dxc6 5. Nxe5 Qg5 6. d4 Qxg2 7. Rf1 Bh3 8.
Nd2 Bd6 9. Qe2 Bxe5 10. dxe5 O-O-O 11. Nf3 Qg6 12. Rg1 Bg4 13. Rg3 Bxf3 14.
Qxf3 Qe6 15. Rxg7 Qxe5 16. Qf5+ Qxf5 17. exf5 Nf6 18. Rxf7 Rhe8+ 19. Be3 Ng4
20. Ke2 Nxh2 21. Rh1 Ng4 22. Rhxh7 Nxe3 23. Rxc7+ Kb8 24. Rxb7+ Ka8 25. fxe3
Rg8 26. Kf3 Rd1 27. Ke2 Rdg1 28. f6 R1g2+ 29. Kd3 Rd8+ 30. Kc3 Rg3 31. Rbe7 Rg5
32. f7 a5 33. Re8 Rc5+ 34. Kb3 Rb8+ 35. Ka3 1-0

[Event "7052-Championnat de la Loire OPEN"]
[Site "Loire"]
[Date "2005.11.27"]
[Round "2.16"]
[White "Gregoire, Michele"]
[Black "Goudet, Maxence"]
[Result "1-0"]
[WhiteElo "1410"]
[BlackElo "1390"]
[PlyCount "71"]
[EventDate "2005.??.??"]

1. d4 d5 2. Nf3 Nc6 3. e3 Nf6 4. c4 e6 5. Nc3 Bb4 6. Bd2 Bxc3 7. Bxc3 O-O 8.
Bd3 Ne4 9. Bxe4 dxe4 10. Nd2 f5 11. O-O Ne7 12. f3 exf3 13. Nxf3 Ng6 14. Be1 b6
15. Bg3 Bb7 16. Ne5 Nxe5 17. Bxe5 Qg5 18. Qd2 Rf7 19. b3 Be4 20. Bf4 Qh4 21.
Rac1 g5 22. Be5 Raf8 23. c5 bxc5 24. Rxc5 f4 25. exf4 gxf4 26. Qe1 Qg4 27. Qxe4
Rc8 28. Rf3 h5 29. h3 Qh4 30. Qg6+ Kf8 31. Qh6+ Ke7 32. Rxf4 Rxf4 33. Bxf4 Qe1+
34. Kh2 Qb4 35. Qg7+ Ke8 36. Bg5 1-0

[Event "7052-Championnat de la Loire OPEN"]
[Site "Loire"]
[Date "2005.11.27"]
[Round "2.17"]
[White "Gerey, Jean-Pierre"]
[Black "Paratcha, Yohan"]
[Result "1-0"]
[WhiteElo "1310"]
[BlackElo "1410"]
[PlyCount "111"]
[EventDate "2005.??.??"]

1. e4 e5 2. Nf3 Nc6 3. Bb5 Nf6 4. O-O a6 5. Ba4 b5 6. Bb3 Bc5 7. h3 Nxe4 8. d3
Nf6 9. Re1 d6 10. c3 Qe7 11. d4 Bb6 12. Bc2 O-O 13. Bg5 Re8 14. Qd3 g6 15. Nbd2
Bf5 16. Ne4 Bxe4 17. Rxe4 Na5 18. Rae1 Nc4 19. Bb1 Qe6 20. b3 Nxe4 21. Rxe4 Na5
22. h4 f6 23. d5 Qf7 24. Bh6 Rac8 25. c4 c6 26. h5 cxd5 27. cxd5 Nb7 28. b4
Rc1+ 29. Ne1 f5 30. Re2 e4 31. Qb3 Re5 32. Qb2 Rc7 33. Rc2 Rxd5 34. Rxc7 Qxc7
35. Qb3 Qf7 36. Qc3 a5 37. Qc6 Ba7 38. Qc8+ Qf8 39. Bxf8 Rd2 40. Bh6+ Nd8 41.
Qxd8+ Kf7 42. Bxd2 axb4 43. Qd7+ Kf6 44. Qxa7 gxh5 45. Qxh7 b3 46. axb3 d5 47.
Qh6+ Ke5 48. Qf4+ Ke6 49. Bc3 h4 50. Qh6+ Kd7 51. Bb4 d4 52. Qd6+ Kc8 53. Ba5
Kb7 54. Qc7+ Ka8 55. Bb6 d3 56. Qa7# 1-0

[Event "7052-Championnat de la Loire OPEN"]
[Site "Loire"]
[Date "2005.11.27"]
[Round "2.18"]
[White "Trottet, Francois"]
[Black "Volay, Pascal"]
[Result "1/2-1/2"]
[WhiteElo "1400"]
[BlackElo "1320"]
[PlyCount "118"]
[EventDate "2005.??.??"]

1. e4 e5 2. Nf3 Nc6 3. Bb5 a6 4. Ba4 d6 5. O-O Bg4 6. h3 Bxf3 7. Qxf3 Nf6 8. c3
Be7 9. d4 O-O 10. d5 Na5 11. Nd2 b5 12. Bc2 Qd7 13. a4 c6 14. b4 Nb7 15. c4
bxa4 16. Bxa4 Nd8 17. Re1 Qb7 18. Rb1 Rb8 19. dxc6 Nxc6 20. Bxc6 Qxc6 21. b5
axb5 22. cxb5 Rxb5 23. Rxb5 Qxb5 24. Ba3 Qa5 25. Qd3 Rd8 26. Rd1 g6 27. Nc4 Qa6
28. f3 Ne8 29. Rb1 Rc8 30. Rc1 Kf8 31. Kh2 f6 32. Qb3 Nc7 33. Qb6 Ke8 34. Nxd6+
Bxd6 35. Qxd6 Qxd6 36. Bxd6 Kd7 37. Rd1 Ke6 38. Bc5 Nb5 39. Bb4 Nd4 40. h4 Rd8
41. Rd2 h5 42. Ra2 Kf7 43. Ra7+ Kg8 44. Rb7 f5 45. exf5 Nxf5 46. Be7 Nxe7 47.
Rxe7 Rd5 48. Kg3 Kf8 49. Re6 Kf7 50. Ra6 Rd7 51. Ra5 Re7 52. Kf2 e4 53. f4 Kf6
54. Ke1 Re6 55. g3 Kg7 56. f5 gxf5 57. Rxf5 Kg6 58. Rg5+ Kh6 59. Ra5 e3 1/2-1/2

[Event "7052-Championnat de la Loire OPEN"]
[Site "Loire"]
[Date "2006.02.11"]
[Round "3.1"]
[White "Doran, Niall"]
[Black "Trenteseaux, Alain"]
[Result "1-0"]
[WhiteElo "1760"]
[BlackElo "1610"]
[PlyCount "35"]
[EventDate "2006.??.??"]

1. e4 c5 2. c3 Nf6 3. e5 Nd5 4. Nf3 e6 5. Bc4 Nf4 6. O-O Nc6 7. d4 cxd4 8. Bxf4
dxc3 9. Nxc3 Be7 10. Nb5 O-O 11. Nd6 a6 12. Rc1 f6 13. Qd2 b5 14. Bb3 Na5 15.
Rxc8 Nxb3 16. Rxd8 Nxd2 17. Rxf8+ Kxf8 18. Nxd2 1-0

[Event "7052-Championnat de la Loire OPEN"]
[Site "Loire"]
[Date "2006.02.11"]
[Round "3.2"]
[White "Bruyas, Benjamin"]
[Black "Maestracci, Olivier"]
[Result "0-1"]
[WhiteElo "1580"]
[BlackElo "1699"]
[PlyCount "56"]
[EventDate "2006.??.??"]

1. Nf3 Nf6 2. d4 e6 3. c4 d5 4. cxd5 exd5 5. Nc3 Be7 6. Bf4 c6 7. g3 O-O 8. Bg2
Re8 9. O-O Nbd7 10. Re1 Nf8 11. Qd3 Ng6 12. Bg5 h6 13. Bd2 Bd6 14. e4 dxe4 15.
Nxe4 Bf5 16. Nxf6+ Qxf6 17. Qb3 Re7 18. Bc3 Rae8 19. d5 Rxe1+ 20. Nxe1 Be5 21.
Qxb7 cxd5 22. Bxd5 Re7 23. Qa8+ Kh7 24. Qd8 Bxc3 25. bxc3 Rxe1+ 26. Rxe1 Qxd8
27. Bxf7 Qc7 28. c4 Qxf7 0-1

[Event "7052-Championnat de la Loire OPEN"]
[Site "Loire"]
[Date "2006.02.11"]
[Round "3.3"]
[White "Gidon, Rene"]
[Black "Zennaf, Karim"]
[Result "0-1"]
[WhiteElo "1650"]
[BlackElo "1199"]
[PlyCount "81"]
[EventDate "2006.??.??"]

1. e4 e6 2. d4 d5 3. Nc3 dxe4 4. Nxe4 Nd7 5. Nf3 Ngf6 6. Bd3 Nxe4 7. Bxe4 Nf6
8. Bg5 Be7 9. Bxf6 Bxf6 10. O-O O-O 11. c3 c6 12. Qc2 g6 13. Rad1 Qc7 14. Rfe1
Bd7 15. h4 Bg7 16. Bd3 Rae8 17. Ne5 Bxe5 18. dxe5 c5 19. c4 Bc6 20. h5 Qe7 21.
hxg6 hxg6 22. Re3 Rd8 23. Rg3 Kg7 24. Re1 Be8 25. Ree3 Rh8 26. Rh3 Qg5 27. Rxh8
Kxh8 28. Qe2 Kg7 29. Rg3 Qc1+ 30. Kh2 Bc6 31. Rh3 Qf4+ 32. g3 Qf3 33. Qxf3 Bxf3
34. Bf1 Rd2 35. g4 Bxg4 36. Rg3 Bf5 37. Kg1 Rxb2 38. a3 f6 39. exf6+ Kxf6 40.
Rf3 Ke5 41. Re3+ 0-1

[Event "7052-Championnat de la Loire OPEN"]
[Site "Loire"]
[Date "2006.02.11"]
[Round "3.4"]
[White "Daillere, Roland"]
[Black "Jedidi, Brahim"]
[Result "0-1"]
[WhiteElo "1499"]
[BlackElo "1810"]
[PlyCount "102"]
[EventDate "2006.??.??"]

1. e4 g6 2. d4 Bg7 3. Nf3 d6 4. Bc4 Nd7 5. O-O e5 6. d5 Ne7 7. Nc3 f5 8. Bg5
Nf6 9. Re1 fxe4 10. Nxe4 Nxe4 11. Rxe4 O-O 12. Qe2 Bf5 13. Re3 h6 14. Bh4 g5
15. Bg3 Ng6 16. h3 Qd7 17. Bd3 Nf4 18. Bxf4 gxf4 19. Bxf5 Rxf5 20. Rc3 e4 21.
Nh4 Bxc3 22. Nxf5 Qxf5 23. bxc3 Qxd5 24. Qg4+ Qg5 25. Qe6+ Kh8 26. Qxe4 c6 27.
Re1 Rg8 28. Qf3 d5 29. Kf1 Qf5 30. Qe2 Rg7 31. f3 b5 32. Qe5 Qxc2 33. Re2 Qd1+
34. Re1 Qd3+ 35. Kf2 Qc4 36. a3 Qc5+ 37. Kf1 Qc4+ 38. Re2 a5 39. Ke1 b4 40.
axb4 axb4 41. cxb4 Qxb4+ 42. Kd1 Qb1+ 43. Kd2 Qa2+ 44. Kd3 Qc4+ 45. Kd2 c5 46.
Qf6 Qb4+ 47. Kd1 Qb1+ 48. Kd2 Qb4+ 49. Kd1 Qb8 50. Re7 Qb1+ 51. Kd2 Qa2+ 0-1

[Event "7052-Championnat de la Loire OPEN"]
[Site "Loire"]
[Date "2006.02.11"]
[Round "3.5"]
[White "Rogues, Jean-Luc"]
[Black "Borron, Herve"]
[Result "0-1"]
[WhiteElo "1470"]
[BlackElo "1790"]
[PlyCount "84"]
[EventDate "2006.??.??"]

1. d4 f5 2. c4 g6 3. Nc3 Nf6 4. Bg5 Bg7 5. e3 O-O 6. Bxf6 Bxf6 7. Bd3 d6 8.
Nge2 e5 9. dxe5 dxe5 10. e4 f4 11. Qc2 Nd7 12. O-O Nc5 13. Rad1 Bg7 14. f3 Qg5
15. g3 fxg3 16. Nxg3 Bh3 17. Rf2 h5 18. Kh1 h4 19. Rg1 hxg3 20. Rxg3 Qh6 21.
Nd5 Nxd3 22. Qxd3 Rad8 23. Qb3 Kf7 24. c5 Bf6 25. Nf4+ Kg7 26. Rxg6+ Qxg6 27.
Nxg6 Kxg6 28. Qc2 Bh4 29. Rd2 Rxf3 30. Rg2+ Kh5 31. Qe2 Bxg2+ 32. Kxg2 Rdf8 33.
Qxf3+ Rxf3 34. Kxf3 Be1 35. a3 Bd2 36. b4 Bc1 37. a4 Ba3 38. c6 bxc6 39. b5 c5
40. Ke3 c4 41. Kd2 Bb4+ 42. Kc2 c3 0-1

[Event "7052-Championnat de la Loire OPEN"]
[Site "Loire"]
[Date "2006.02.11"]
[Round "3.6"]
[White "Pendrigh, Robin"]
[Black "Granger, Thierry"]
[Result "0-1"]
[WhiteElo "1600"]
[BlackElo "1490"]
[PlyCount "94"]
[EventDate "2006.??.??"]

1. e4 c5 2. Nf3 e6 3. Nc3 d6 4. Bb5+ Bd7 5. O-O Nf6 6. d3 Be7 7. Bxd7+ Nbxd7 8.
a4 a6 9. Re1 Qc7 10. Bd2 O-O 11. Qe2 Rfc8 12. Nd1 b5 13. axb5 axb5 14. Ne3 b4
15. c4 Ra5 16. Nc2 Rca8 17. Rxa5 Rxa5 18. Ra1 Rxa1+ 19. Nxa1 Qa5 20. Qd1 h6 21.
Nc2 Qa4 22. Ne3 Qa2 23. Qc1 Nh7 24. Qc2 Qa1+ 25. Qc1 Qa2 26. Qc2 Ng5 27. b3
Nxf3+ 28. gxf3 Qa1+ 29. Kg2 Bf6 30. Ng4 Bd4 31. f4 h5 32. Ne3 Kh7 33. Qc1 Qa2
34. Qc2 Qa3 35. Bc1 Qa1 36. Bd2 Nb8 37. Qd1 Qa2 38. Qc2 Qa3 39. Qc1 Qxb3 40.
Qd1 Qxd3 41. Qxh5+ Kg8 42. Ng4 Qxd2 43. Qg5 Nc6 44. e5 dxe5 45. Nf6+ Kf8 46.
Ne4 Qxf4 47. Qh5 Qxe4+ 0-1

[Event "7052-Championnat de la Loire OPEN"]
[Site "Loire"]
[Date "2006.02.11"]
[Round "3.7"]
[White "Moleins, Adrien"]
[Black "Pareux, Marc"]
[Result "1/2-1/2"]
[WhiteElo "1700"]
[BlackElo "1570"]
[PlyCount "81"]
[EventDate "2006.??.??"]

1. e4 g6 2. d4 Bg7 3. Bc4 c6 4. Nc3 d6 5. Be3 Nd7 6. Qd2 e6 7. Nf3 Nb6 8. Bd3
d5 9. e5 Nc4 10. Bxc4 dxc4 11. Qe2 b5 12. O-O Ne7 13. a4 a6 14. axb5 Nd5 15.
Ne4 O-O 16. Bg5 Qc7 17. Nf6+ Kh8 18. Qxc4 cxb5 19. Qxc7 Nxc7 20. Rad1 h6 21.
Be3 Rd8 22. Ng4 Kh7 23. Nf6+ Kh8 24. c4 bxc4 25. Nd2 Nd5 26. Nxc4 Nxf6 27. exf6
Bxf6 28. Bxh6 Rxd4 29. Bg5 Bg7 30. Nd6 Kg8 31. Rxd4 Bxd4 32. Rc1 Bd7 33. Rc2
Rb8 34. Bc1 Be5 35. Nc4 Rc8 36. b3 Bb5 37. Be3 Bg7 38. h3 a5 39. Ra2 a4 40. Nb6
axb3 41. Rd2 1/2-1/2

[Event "7052-Championnat de la Loire OPEN"]
[Site "Loire"]
[Date "2006.02.11"]
[Round "3.8"]
[White "Minchilli, Franco"]
[Black "Gregoire, Michele"]
[Result "1-0"]
[WhiteElo "1690"]
[BlackElo "1410"]
[PlyCount "103"]
[EventDate "2006.??.??"]

1. e4 c5 2. Bc4 e6 3. Nf3 d5 4. exd5 exd5 5. Bb5+ Bd7 6. Qe2+ Be7 7. Ne5 Nf6 8.
O-O O-O 9. Bxd7 Nbxd7 10. Nf3 Re8 11. Qd1 Bd6 12. h3 Ne5 13. d3 Nxf3+ 14. Qxf3
Qc7 15. Nc3 Qc6 16. Bg5 d4 17. Qxc6 bxc6 18. Bxf6 dxc3 19. Bxc3 f6 20. Rae1 Kf7
21. Re3 Bf4 22. Re4 Rxe4 23. dxe4 Be5 24. Bxe5 fxe5 25. Rd1 Ke6 26. g3 c4 27.
Kg2 Rb8 28. b3 cxb3 29. axb3 a5 30. Ra1 Rb5 31. Ra4 Kd6 32. f4 Rc5 33. c4 g6
34. Kf3 Ke6 35. Kg4 h6 36. Kf3 Kf6 37. Ke3 Ke6 38. g4 exf4+ 39. Kxf4 g5+ 40.
Kf3 Ke5 41. Ke3 Kd6 42. Ra2 Ke6 43. Rf2 Re5 44. Kd4 c5+ 45. Kd3 Kd6 46. Rf8 Kc7
47. Rf6 Kd7 48. Rxh6 Re6 49. Rh7+ Re7 50. Rxe7+ Kxe7 51. e5 Ke6 52. Ke4 1-0

[Event "7052-Championnat de la Loire OPEN"]
[Site "Loire"]
[Date "2006.02.11"]
[Round "3.9"]
[White "Doucet, Medhi"]
[Black "Lille, Gauthier"]
[Result "1-0"]
[WhiteElo "1620"]
[BlackElo "1370"]
[PlyCount "61"]
[EventDate "2006.??.??"]

1. c4 e5 2. Nc3 Nf6 3. e4 Nc6 4. d3 Bd6 5. Nf3 b6 6. Bg5 h6 7. Bh4 g5 8. Bg3
Nh5 9. Nxe5 Nxg3 10. Nxc6 dxc6 11. hxg3 h5 12. Rxh5 Rxh5 13. Qxh5 Bb7 14. Qh8+
Bf8 15. Qe5+ Be7 16. O-O-O Bc8 17. Qh8+ Bf8 18. Be2 c5 19. Nb5 a6 20. Qe5+ Be7
21. Nxc7+ Kd7 22. Nxa8 f6 23. Qd5+ Bd6 24. Bg4+ Ke7 25. Bxc8 Qxc8 26. Nxb6 Qb8
27. Na4 Qb4 28. Rh1 Qxa4 29. Rh7+ Kd8 30. Qa8+ Bb8 31. Qxb8# 1-0

[Event "7052-Championnat de la Loire OPEN"]
[Site "Loire"]
[Date "2006.02.11"]
[Round "3.11"]
[White "Desassis, Maxence"]
[Black "Choquelle, Jean"]
[Result "1-0"]
[WhiteElo "1590"]
[BlackElo "1130"]
[PlyCount "57"]
[EventDate "2006.??.??"]

1. d4 d5 2. Nf3 f6 3. e3 e6 4. Bd3 g6 5. Nbd2 Bg7 6. b3 Ne7 7. Bb2 O-O 8. O-O
b6 9. Re1 Nbc6 10. Ba3 Bb7 11. c4 Rf7 12. e4 Nb8 13. exd5 exd5 14. Bxe7 Rxe7
15. Rxe7 Qxe7 16. Qe1 Qf7 17. cxd5 Nd7 18. Bc4 Kh8 19. d6 Qf8 20. Qe7 Qxe7 21.
dxe7 Re8 22. Re1 Bh6 23. Bf7 Nb8 24. Bxe8 Bc6 25. Bxc6 Nxc6 26. e8=Q+ Kg7 27.
Qd7+ Kg8 28. Re8+ Bf8 29. Ne4 1-0

[Event "7052-Championnat de la Loire OPEN"]
[Site "Loire"]
[Date "2006.02.11"]
[Round "3.12"]
[White "Moleins, Jean-Pierre"]
[Black "Gerey, Jean-Pierre"]
[Result "1-0"]
[WhiteElo "1650"]
[BlackElo "1350"]
[PlyCount "69"]
[EventDate "2006.??.??"]

1. e4 e5 2. Nf3 Nc6 3. Bb5 a6 4. Bxc6 bxc6 5. O-O d6 6. d4 Bb7 7. dxe5 dxe5 8.
Nxe5 Bd6 9. Nc4 Qe7 10. Qd4 f6 11. Na5 c5 12. Qa4+ c6 13. Nc3 Qe5 14. g3 Ra7
15. Nxb7 Rxb7 16. Qxc6+ Rd7 17. Nd5 Ne7 18. Nxe7 Qxe7 19. Qxa6 O-O 20. Qc4+ Kh8
21. Be3 Rc7 22. Rfd1 Rb8 23. b3 Rd7 24. c3 Rbd8 25. Rd5 Qf8 26. Rad1 Qe7 27.
Kf1 h6 28. Qd3 g5 29. Bxc5 Qe6 30. Bxd6 Rc8 31. c4 Re8 32. Be5 Qh3+ 33. Kg1
fxe5 34. Rxd7 Qh5 35. Qd6 1-0

[Event "7052-Championnat de la Loire OPEN"]
[Site "Loire"]
[Date "2006.02.11"]
[Round "3.13"]
[White "Thevenet, Olivier"]
[Black "Trottet, Francois"]
[Result "0-1"]
[WhiteElo "1550"]
[BlackElo "1390"]
[PlyCount "146"]
[EventDate "2006.??.??"]

1. d4 Nf6 2. c4 e6 3. Nc3 d5 4. Bg5 c6 5. Nf3 Be7 6. e3 Nbd7 7. Rc1 Qb6 8. Qc2
h6 9. Bh4 O-O 10. cxd5 exd5 11. Ne5 Qc7 12. Nxd7 Bxd7 13. Be2 a6 14. O-O Qd6
15. Bg3 Qe6 16. h3 Bd6 17. Bxd6 Qxd6 18. a3 Be6 19. Bf3 Rfe8 20. Ne2 Qd7 21.
Ng3 Nh7 22. Qd1 Ng5 23. Bg4 Bxg4 24. Qxg4 Qxg4 25. hxg4 Ne4 26. Nxe4 Rxe4 27.
b4 Rxg4 28. f4 Re8 29. Rc3 Re6 30. Rf2 f5 31. Re2 h5 32. Kf1 h4 33. Rf2 Reg6
34. a4 h3 35. gxh3 Rg3 36. b5 axb5 37. axb5 Rxh3 38. bxc6 Rh1+ 39. Ke2 bxc6 40.
Rb3 Re6 41. Rb8+ Kh7 42. Rb7 Rh3 43. Rf3 Rxf3 44. Kxf3 Kh6 45. Rb2 Kg6 46. Rg2+
Kf6 47. Rh2 g6 48. Rh7 Re7 49. Rh8 Rc7 50. Rf8+ Kg7 51. Re8 c5 52. dxc5 Rxc5
53. Re5 Kf6 54. Ke2 g5 55. Kf3 g4+ 56. Kg3 Rc3 57. Rxd5 Rxe3+ 58. Kf2 Rf3+ 59.
Kg2 Rxf4 60. Rd3 Re4 61. Rg3 Kg5 62. Rd3 Re2+ 63. Kf1 Rh2 64. Rd8 Rh6 65. Rg8+
Kh4 66. Kg2 f4 67. Rf8 f3+ 68. Kf2 Re6 69. Rh8+ Kg5 70. Rg8+ Kf5 71. Kg3 Re4
72. Rf8+ Ke5 73. Re8+ Kd4 0-1

[Event "7052-Championnat de la Loire OPEN"]
[Site "Loire"]
[Date "2006.02.11"]
[Round "3.14"]
[White "Volay, Pascal"]
[Black "Brachet, Gerard"]
[Result "1-0"]
[WhiteElo "1330"]
[BlackElo "1370"]
[PlyCount "82"]
[EventDate "2006.??.??"]

1. Nf3 d5 2. d4 Nf6 3. e3 Bd7 4. c4 e6 5. a3 c5 6. Bd2 a5 7. Nc3 Bd6 8. cxd5
exd5 9. Be2 O-O 10. Qb3 Bc6 11. a4 c4 12. Qc2 Na6 13. O-O Nb4 14. Qb1 Re8 15.
Na2 Bxa4 16. Nxb4 axb4 17. Bd1 b3 18. Bc3 Qc7 19. g3 b5 20. Ng5 Ne4 21. Nxe4
Rxe4 22. Bf3 Re7 23. Bxd5 Rae8 24. Re1 Qa7 25. Bc6 Rc8 26. Bxb5 Qb6 27. Bxa4
Bb4 28. Qc1 Ra7 29. Bxb3 Rxa1 30. Qxa1 cxb3 31. Rc1 g6 32. Bxb4 Rxc1+ 33. Qxc1
Qxb4 34. Kf1 Kg7 35. Ke2 Qb5+ 36. Ke1 Qd5 37. Qc3 Qh1+ 38. Ke2 Qxh2 39. Qxb3
Qh5+ 40. Kd3 Qf3 41. Qc2 f5 1-0

[Event "7052-Championnat de la Loire OPEN"]
[Site "Loire"]
[Date "2006.02.11"]
[Round "3.15"]
[White "Mialon, Franck"]
[Black "Carrot, Axel"]
[Result "1-0"]
[WhiteElo "1370"]
[BlackElo "1450"]
[PlyCount "55"]
[EventDate "2006.??.??"]

1. e4 e5 2. f4 f6 3. f5 Bc5 4. Nc3 Nc6 5. Nd5 Nge7 6. Qh5+ Kf8 7. Bc4 Nxd5 8.
Bxd5 Qe8 9. Qh4 Nd4 10. Kd1 c6 11. Bc4 b5 12. Be2 Nxe2 13. Nxe2 Bb6 14. Rf1 Qf7
15. d3 Ke7 16. Rb1 b4 17. c4 g6 18. Bd2 Bb7 19. d4 exd4 20. e5 h6 21. fxg6 Qxg6
22. exf6+ Kf7 23. Kc1 Ba6 24. Rf3 Bxc4 25. Rg3 Qf5 26. Nf4 Rh7 27. Rf3 Qg5 28.
Qh3 1-0

[Event "7052-Championnat de la Loire OPEN"]
[Site "Loire"]
[Date "2006.02.11"]
[Round "3.16"]
[White "Goudet, Maxence"]
[Black "Veyrat, Gerard"]
[Result "1-0"]
[WhiteElo "1370"]
[BlackElo "1240"]
[PlyCount "77"]
[EventDate "2006.??.??"]

1. e4 e5 2. Nf3 d6 3. Bc4 Nf6 4. Nc3 Nc6 5. d4 exd4 6. Nxd4 Na5 7. Bd3 Be6 8.
Nxe6 fxe6 9. Bg5 Be7 10. O-O e5 11. f4 Qd7 12. f5 h6 13. Bxf6 Bxf6 14. Qh5+ Kd8
15. Qg6 c6 16. b4 Qc7 17. bxa5 Qxa5 18. Ne2 Qc7 19. Ng3 Rg8 20. Nh5 Qe7 21.
Nxf6 Qxf6 22. Rad1 Kc7 23. Bc4 Rgf8 24. Qxf6 Rxf6 25. Be6 Rd8 26. c4 c5 27. Rf2
Rdf8 28. a4 g6 29. g4 a5 30. Rb1 b6 31. Rfb2 Rb8 32. Kg2 g5 33. Kg3 h5 34. gxh5
Rh6 35. Kg4 Rbh8 36. Rxb6 Rxh5 37. Rb7+ Kd8 38. Rd7+ Ke8 39. Rb8# 1-0

[Event "7052-Championnat de la Loire OPEN"]
[Site "Loire"]
[Date "2006.02.11"]
[Round "4.1"]
[White "Maestracci, Olivier"]
[Black "Doran, Niall"]
[Result "1/2-1/2"]
[WhiteElo "1699"]
[BlackElo "1760"]
[PlyCount "50"]
[EventDate "2006.??.??"]

1. e4 e6 2. d4 d5 3. Nd2 c5 4. exd5 exd5 5. Bb5+ Bd7 6. Qe2+ Qe7 7. Qxe7+ Bxe7
8. Bxd7+ Nxd7 9. dxc5 Nxc5 10. Ne2 Nf6 11. Nd4 O-O 12. O-O Rac8 13. N2f3 Nce4
14. c3 Rfe8 15. h3 Nc5 16. Be3 Nd3 17. Rab1 Bc5 18. Nf5 Ne4 19. Bxc5 Rxc5 20.
N5d4 Ra5 21. a3 Ne5 22. Nxe5 Rxe5 23. Rfe1 f6 24. Re2 Nc5 25. Rbe1 Nd3 1/2-1/2

[Event "7052-Championnat de la Loire OPEN"]
[Site "Loire"]
[Date "2006.02.11"]
[Round "4.2"]
[White "Zennaf, Karim"]
[Black "Borron, Herve"]
[Result "0-1"]
[WhiteElo "1199"]
[BlackElo "1790"]
[PlyCount "42"]
[EventDate "2006.??.??"]

1. e4 e6 2. d4 d5 3. Nc3 Bb4 4. Nge2 dxe4 5. a3 Be7 6. Nxe4 Nf6 7. N2g3 Nc6 8.
Be3 O-O 9. Qd2 Nd5 10. O-O-O Nxe3 11. Qxe3 f5 12. Bc4 fxe4 13. Nxe4 Kh8 14. h4
Bxh4 15. Qh3 Bg5+ 16. Kb1 h6 17. Qh5 Bf6 18. g4 Kg8 19. Qg6 Qe8 20. Rxh6 Qxg6
21. Rxg6 Kf7 0-1

[Event "7052-Championnat de la Loire OPEN"]
[Site "Loire"]
[Date "2006.02.11"]
[Round "4.3"]
[White "Jedidi, Brahim"]
[Black "Granger, Thierry"]
[Result "1-0"]
[WhiteElo "1810"]
[BlackElo "1490"]
[PlyCount "75"]
[EventDate "2006.??.??"]

1. d4 d5 2. Bf4 h6 3. h3 Nc6 4. c3 Bf5 5. e3 Qd7 6. Nf3 e6 7. Bb5 f6 8. Bg3 a6
9. Bxc6 Qxc6 10. Nh4 Bh7 11. Qh5+ Ke7 12. Ng6+ Bxg6 13. Qxg6 Rc8 14. Nd2 Qe8
15. Qd3 Kd7 16. O-O Ne7 17. h4 Rd8 18. c4 Kc8 19. cxd5 exd5 20. Rfc1 Nc6 21. a3
Bd6 22. Bxd6 Rxd6 23. b4 g5 24. b5 axb5 25. Qxb5 h5 26. Rab1 b6 27. a4 Na5 28.
Qb4 Qd7 29. Nb3 Nxb3 30. Rxb3 Rc6 31. Rbc3 Rxc3 32. Rxc3 Qe6 33. a5 bxa5 34.
Qxa5 Rh7 35. Rc5 g4 36. Rxd5 Qb6 37. Qa8+ Qb8 38. Rd8+ 1-0

[Event "7052-Championnat de la Loire OPEN"]
[Site "Loire"]
[Date "2006.02.11"]
[Round "4.4"]
[White "Chabas, Jean-Luc"]
[Black "Minchilli, Franco"]
[Result "1/2-1/2"]
[WhiteElo "1590"]
[BlackElo "1690"]
[PlyCount "62"]
[EventDate "2006.??.??"]

1. e4 e5 2. Nf3 Nf6 3. Nxe5 d6 4. Nf3 Nxe4 5. d3 Nf6 6. Be2 Be7 7. O-O O-O 8.
Be3 Nbd7 9. d4 Nb6 10. c4 Bg4 11. Qc2 Bh5 12. Nbd2 Re8 13. a3 Bf8 14. d5 Ng4
15. Qc3 Nxe3 16. fxe3 g6 17. Rae1 Nd7 18. Bd3 Bh6 19. e4 Bg7 20. Qc2 Ne5 21.
Nxe5 Bxe5 22. Nf3 Bxf3 23. Rxf3 Bxh2+ 24. Kf1 Be5 25. Qf2 Qg5 26. Ke2 f5 27.
Kd1 Rf8 28. exf5 Qg4 29. Kc2 Rf6 30. Re4 Qg5 31. fxg6 hxg6 1/2-1/2